000 00459nam a2200169Ia 4500
999 _c13987
_d13987
003 OSt
005 20201028122945.0
008 190216s9999||||xx |||||||||||||| ||und||
040 _coclc
082 _a823
_bSHO/S
100 _aShobha De
_95892
245 0 _aStrange Obsession /
_cShobha D E
260 _bPenguin Books,
_c1992.
_aNew Zealand:
300 _a208p
650 _aEnglish Novel
942 _cBK
_2ddc
_h823
_iSHO/S
_k823
_mSHO/S